01476cam a2200397 a 4500999001900000001000900019003000500028005001700033008004100050010001700091020001800108020001500126038000900141040001800150050002100168082001700189100002600206245004500232250001200277260003700289300004800326500002000374500004700394500009300441650002100534650003100555650003200586650004300618650004800661650005700709650006000766650007200826906004500898942001200943952012300955 c527558d52755816464842NUST20190730103504.0100917s2011 maua 001 0 eng  a 2010483792 a9780136022305 a0136022308 aSMME aDLCcDLCdDLC00aTA405b.H47 2011 a620.112bHIB1 aHibbeler, R. C.9101910aMechanics of materials /cR.C. Hibbeler. a9th ed. aBoston :bPrentice Hall,cc2018. axv, 862 p. :bill. (chiefly col.) ;c25 cm. aIncludes index. aTables and equations printed on endpapers. aIncludes access code usable only once to establish a subscription to the online version. 0aMaterials.91466 0aMechanics, Applied.913090 0aStrength of materials.9563 0aStructural analysis (Engineering)9654 0aMaterialsvProblems, exercises, etc.918869 0aMechanics, AppliedvProblems, exercises, etc.918886 0aStrength of materialsvProblems, exercises, etc.918870 0aStructural analysis (Engineering)vProblems, exercises, etc.918887 a7bcbccorigcopd2encipf20gy-gencatlg 2ddccBK 00102ddc4070aSMMEbSMMEd2019-07-30l1o620.112 HIBpSMME-3440q2022-03-23r2022-02-21s2022-02-21w2019-07-30yBK